000 00773nam a2200229 i 4500
001 65365
003 ES-MaACL
005 20250929063128.0
007 t|
008 040112s1981 sp ||||1| spa d
100 1 _aFranco, Pilar,
_d1895-1989
_9171778
245 1 0 _aPilar Franco
_b: cinco años después : crónica de un largo bostezo /
_cPilar Franco Bahamonde ; transcripción de Antonio Fabregat.
250 _a[1ª ed.].
260 _aBarcelona :
_bPlaneta,
_c[1981]
300 _a217 p. :
_bil. ;
_c25 cm.
490 1 _aEspejo de España ;
_v73
600 3 4 _aFranco Bahamonde (Familia)
_952246
700 1 _aFabregat, Antonio.
_948565
830 0 _aEspejo de España ;
_v73
_9177692
852 _aES-MaACL
_jL-2565
_bR.103591
999 _c65365
_d65365